[Event "FIDE World Cup 2025"]
[Site "Goa, India"]
[Date "2025.11.13"]
[Round "34.2"]
[White "Erigaisi, Arjun"]
[Black "Leko, Peter"]
[Result "1-0"]
[TimeControl ": 90 minutes for the first 40 moves, followed by 30 minutes for the rest of the gamewith an increment of 30 seconds per move starting from move 1"]
[WhiteFideId "35009192"]
[BlackFideId "703303"]
[WhiteElo "2773"]
[BlackElo "2666"]

1. d4 {[%clk 00:15:18]} {[%emt 00:00:02]} Nf6 {[%clk 00:15:18]} {[%emt
00:00:01]} 2. c4 {[%clk 00:15:26]} {[%emt 00:00:03]} e6 {[%clk 00:15:20]}
{[%emt 00:00:07]} 3. Nc3 {[%clk 00:15:34]} {[%emt 00:00:03]} Bb4 {[%clk
00:14:59]} {[%emt 00:00:31]} 4. Qc2 {[%clk 00:15:42]} {[%emt 00:00:02]} d5
{[%clk 00:14:48]} {[%emt 00:00:20]} 5. cxd5 {[%clk 00:15:43]} {[%emt 00:00:10]}
exd5 {[%clk 00:14:54]} {[%emt 00:00:04]} 6. Bg5 {[%clk 00:15:48]} {[%emt
00:00:03]} h6 {[%clk 00:14:39]} {[%emt 00:00:26]} 7. Bh4 {[%clk 00:15:56]}
{[%emt 00:00:02]} Nc6 {[%clk 00:13:21]} {[%emt 00:01:28]} 8. e3 {[%clk
00:16:04]} {[%emt 00:00:03]} g5 {[%clk 00:13:21]} {[%emt 00:00:09]} 9. Bg3
{[%clk 00:16:11]} {[%emt 00:00:03]} Ne4 {[%clk 00:12:59]} {[%emt 00:00:32]} 10.
Bd3 {[%clk 00:15:57]} {[%emt 00:00:25]} f5 {[%clk 00:10:34]} {[%emt 00:02:35]}
11. Nge2 {[%clk 00:15:15]} {[%emt 00:00:52]} O-O {[%clk 00:10:37]} {[%emt
00:00:07]} 12. f3 {[%clk 00:14:48]} {[%emt 00:00:38]} Nxg3 {[%clk 00:10:33]}
{[%emt 00:00:13]} 13. hxg3 {[%clk 00:14:55]} {[%emt 00:00:03]} Kg7 {[%clk
00:10:38]} {[%emt 00:00:05]} 14. a3 {[%clk 00:14:18]} {[%emt 00:00:47]} Bxc3+
{[%clk 00:09:31]} {[%emt 00:01:16]} 15. Nxc3 {[%clk 00:14:07]} {[%emt
00:00:22]} Be6 {[%clk 00:09:33]} {[%emt 00:00:08]} 16. O-O-O {[%clk 00:12:39]}
{[%emt 00:01:38]} Ne7 {[%clk 00:08:46]} {[%emt 00:00:56]} 17. e4 {[%clk
00:10:46]} {[%emt 00:02:04]} fxe4 {[%clk 00:08:52]} {[%emt 00:00:03]} 18. fxe4
{[%clk 00:10:54]} {[%emt 00:00:03]} Bg4 {[%clk 00:06:09]} {[%emt 00:02:52]} 19.
Rde1 {[%clk 00:10:15]} {[%emt 00:00:50]} c6 {[%clk 00:05:27]} {[%emt 00:00:51]}
20. Qd2 {[%clk 00:08:49]} {[%emt 00:01:36]} Qd6 {[%clk 00:04:56]} {[%emt
00:00:41]} 21. exd5 {[%clk 00:08:09]} {[%emt 00:00:51]} cxd5 {[%clk 00:05:04]}
{[%emt 00:00:02]} 22. Re5 {[%clk 00:07:13]} {[%emt 00:01:05]} Nf5 {[%clk
00:04:49]} {[%emt 00:00:24]} 23. Rxd5 {[%clk 00:05:21]} {[%emt 00:02:03]} Qxg3
{[%clk 00:02:47]} {[%emt 00:02:13]} 24. Rd7+ {[%clk 00:05:06]} {[%emt
00:00:25]} Rf7 {[%clk 00:02:28]} {[%emt 00:00:28]} 25. Ne4 {[%clk 00:04:53]}
{[%emt 00:00:23]} Qf4 {[%clk 00:00:38]} {[%emt 00:02:00]} 26. Rxf7+ {[%clk
00:04:51]} {[%emt 00:00:13]} Kxf7 {[%clk 00:00:46]} {[%emt 00:00:02]} 27. Qxf4
{[%clk 00:04:58]} {[%emt 00:00:03]} gxf4 {[%clk 00:00:54]} {[%emt 00:00:01]} 28.
Nf2 {[%clk 00:05:07]} {[%emt 00:00:02]} Ne3 {[%clk 00:00:43]} {[%emt 00:00:21]}
29. Nxg4 {[%clk 00:05:06]} {[%emt 00:00:10]} Nxg4 {[%clk 00:00:51]} {[%emt
00:00:02]} 30. Rh4 {[%clk 00:05:06]} {[%emt 00:00:09]} Nf6 {[%clk 00:00:56]}
{[%emt 00:00:04]} 31. Rxf4 {[%clk 00:05:11]} {[%emt 00:00:06]} Ke7 {[%clk
00:00:55]} {[%emt 00:00:12]} 32. Be4 {[%clk 00:04:44]} {[%emt 00:00:37]} Nxe4
{[%clk 00:00:27]} {[%emt 00:00:39]} 33. Rxe4+ {[%clk 00:04:52]} {[%emt
00:00:02]} Kd7 {[%clk 00:00:30]} {[%emt 00:00:06]} 34. Rg4 {[%clk 00:04:04]}
{[%emt 00:00:57]} Rf8 {[%clk 00:00:36]} {[%emt 00:00:04]} 35. Kd2 {[%clk
00:03:59]} {[%emt 00:00:16]} Rf6 {[%clk 00:00:37]} {[%emt 00:00:09]} 36. Kd3
{[%clk 00:03:09]} {[%emt 00:01:00]} Kc6 {[%clk 00:00:35]} {[%emt 00:00:12]} 37.
a4 {[%clk 00:02:53]} {[%emt 00:00:26]} Kd5 {[%clk 00:00:23]} {[%emt 00:00:21]}
38. Rh4 {[%clk 00:02:02]} {[%emt 00:01:01]} Rg6 {[%clk 00:00:27]} {[%emt
00:00:07]} 39. g4 {[%clk 00:01:59]} {[%emt 00:00:13]} a6 {[%clk 00:00:23]}
{[%emt 00:00:14]} 40. a5 {[%clk 00:01:46]} {[%emt 00:00:23]} Ke6 {[%clk
00:00:24]} {[%emt 00:00:09]} 41. Ke4 {[%clk 00:01:47]} {[%emt 00:00:09]} Kd6
{[%clk 00:00:19]} {[%emt 00:00:14]} 42. b4 {[%clk 00:01:13]} {[%emt 00:00:44]}
Re6+ {[%clk 00:00:27]} {[%emt 00:00:03]} 43. Kd3 {[%clk 00:01:22]} {[%emt
00:00:01]} Rg6 {[%clk 00:00:31]} {[%emt 00:00:06]} 44. Kc4 {[%clk 00:01:20]}
{[%emt 00:00:12]} Rf6 {[%clk 00:00:26]} {[%emt 00:00:14]} 45. Rh5 {[%clk
00:01:07]} {[%emt 00:00:24]} Rg6 {[%clk 00:00:36]} 46. Rf5 {[%clk 00:01:13]}
{[%emt 00:00:03]} Rxg4 {[%clk 00:00:37]} {[%emt 00:00:10]} 47. Rf6+ {[%clk
00:01:21]} {[%emt 00:00:01]} Kc7 {[%clk 00:00:43]} {[%emt 00:00:04]} 48. Rxh6
{[%clk 00:01:29]} {[%emt 00:00:03]} Rg1 {[%clk 00:00:24]} {[%emt 00:00:29]} 49.
Rh7+ {[%clk 00:01:37]} {[%emt 00:00:03]} Kc6 {[%clk 00:00:27]} {[%emt
00:00:07]} 50. d5+ {[%clk 00:01:16]} {[%emt 00:00:31]} Kd6 {[%clk 00:00:36]} 51.
Rxb7 {[%clk 00:01:09]} {[%emt 00:00:17]} Rc1+ {[%clk 00:00:32]} {[%emt
00:00:14]} 52. Kd4 {[%clk 00:01:16]} {[%emt 00:00:03]} Rd1+ {[%clk 00:00:40]}
{[%emt 00:00:02]} 53. Kc3 {[%clk 00:01:24]} {[%emt 00:00:02]} Rc1+ {[%clk
00:00:17]} {[%emt 00:00:33]} 54. Kb2 {[%clk 00:01:33]} {[%emt 00:00:02]} Rf1
{[%clk 00:00:12]} {[%emt 00:00:15]} 55. Rb6+ {[%clk 00:01:38]} {[%emt
00:00:04]} Kxd5 {[%clk 00:00:21]} {[%emt 00:00:01]} 56. Rxa6 {[%clk 00:01:46]}
{[%emt 00:00:02]} Kc4 {[%clk 00:00:28]} {[%emt 00:00:02]} 57. Rb6 {[%clk
00:01:53]} {[%emt 00:00:03]} Kd5 {[%emt 00:00:22]} 1-0

[Event "FIDE World Cup 2025"]
[Site "Goa, India"]
[Date "2025.11.13"]
[Round "35.3"]
[White "Sevian, Samuel"]
[Black "Lodici, Lorenzo"]
[Result "1-0"]
[TimeControl ": 90 minutes for the first 40 moves, followed by 30 minutes for the rest of the gamewith an increment of 30 seconds per move starting from move 1"]
[WhiteFideId "2040506"]
[BlackFideId "884189"]
[WhiteElo "2698"]
[BlackElo "2560"]

1. e4 {[%clk 00:10:19]} e5 {[%clk 00:10:19]} {[%emt 00:00:02]} 2. Nf3 {[%clk
00:10:28]} {[%emt 00:00:01]} Nc6 {[%clk 00:10:28]} {[%emt 00:00:01]} 3. Bb5
{[%clk 00:10:37]} a6 {[%clk 00:10:37]} 4. Ba4 {[%clk 00:10:47]} {[%emt
00:00:01]} Nf6 {[%clk 00:10:45]} {[%emt 00:00:01]} 5. d3 {[%clk 00:10:56]} b5
{[%clk 00:10:50]} {[%emt 00:00:05]} 6. Bb3 {[%clk 00:11:05]} {[%emt 00:00:01]}
Bc5 {[%clk 00:10:59]} 7. c3 {[%clk 00:11:04]} {[%emt 00:00:11]} d6 {[%clk
00:11:07]} {[%emt 00:00:02]} 8. O-O {[%clk 00:11:12]} {[%emt 00:00:02]} Bb6
{[%clk 00:10:47]} {[%emt 00:00:30]} 9. Re1 {[%clk 00:11:14]} {[%emt 00:00:08]}
h6 {[%clk 00:10:55]} {[%emt 00:00:02]} 10. a4 {[%clk 00:11:02]} {[%emt
00:00:22]} Rb8 {[%clk 00:10:41]} {[%emt 00:00:24]} 11. Na3 {[%clk 00:11:00]}
{[%emt 00:00:12]} b4 {[%clk 00:10:33]} {[%emt 00:00:18]} 12. Nc4 {[%clk
00:11:08]} {[%emt 00:00:01]} Ba7 {[%clk 00:10:42]} {[%emt 00:00:01]} 13. a5
{[%clk 00:10:27]} {[%emt 00:00:52]} O-O {[%clk 00:10:48]} {[%emt 00:00:04]} 14.
h3 {[%clk 00:10:21]} {[%emt 00:00:17]} Be6 {[%clk 00:10:42]} {[%emt 00:00:16]}
15. d4 {[%clk 00:08:57]} {[%emt 00:01:34]} exd4 {[%clk 00:10:47]} {[%emt
00:00:04]} 16. cxd4 {[%clk 00:09:05]} {[%emt 00:00:02]} d5 {[%clk 00:10:56]}
{[%emt 00:00:01]} 17. Nce5 {[%clk 00:09:08]} {[%emt 00:00:08]} Ne7 {[%clk
00:11:05]} 18. exd5 {[%clk 00:09:13]} {[%emt 00:00:05]} Nfxd5 {[%clk 00:11:09]}
{[%emt 00:00:06]} 19. Qd3 {[%clk 00:08:55]} {[%emt 00:00:28]} Qd6 {[%clk
00:10:28]} {[%emt 00:00:51]} 20. Nc4 {[%clk 00:08:29]} {[%emt 00:00:36]} Qd8
{[%clk 00:09:58]} {[%emt 00:00:40]} 21. Rxe6 {[%clk 00:08:14]} {[%emt
00:00:25]} fxe6 {[%clk 00:10:07]} {[%emt 00:00:01]} 22. Nce5 {[%emt 00:00:40]}
Qd6 {[%clk 00:09:44]} 23. Bd2 {[%clk 00:08:14]} {[%emt 00:00:14]} c5 {[%clk
00:09:42]} {[%emt 00:00:11]} 24. Re1 {[%clk 00:08:08]} {[%emt 00:00:16]} Rbd8
{[%clk 00:08:35]} {[%emt 00:01:18]} 25. Bc2 {[%clk 00:06:21]} {[%emt 00:01:57]}
Nf6 {[%clk 00:07:35]} {[%emt 00:01:08]} 26. Bf4 {[%clk 00:04:52]} {[%emt
00:01:39]} c4 {[%clk 00:04:18]} {[%emt 00:03:27]} 27. Qxc4 {[%clk 00:05:02]}
Ned5 {[%clk 00:04:05]} {[%emt 00:00:24]} 28. Bg3 {[%clk 00:04:45]} {[%emt
00:00:27]} Rc8 {[%clk 00:03:24]} {[%emt 00:00:50]} 29. Qd3 {[%clk 00:04:51]}
{[%emt 00:00:04]} b3 {[%clk 00:03:34]} {[%emt 00:00:01]} 30. Bxb3 {[%clk
00:04:24]} {[%emt 00:00:37]} Qb4 {[%clk 00:03:43]} 31. Nc4 {[%clk 00:03:21]}
{[%emt 00:01:13]} Bxd4 {[%clk 00:03:51]} {[%emt 00:00:02]} 32. Bd6 {[%clk
00:02:50]} {[%emt 00:00:41]} Bc5 {[%clk 00:04:00]} 33. Bxf8 {[%clk 00:02:57]}
{[%emt 00:00:03]} Rxf8 {[%clk 00:04:09]} {[%emt 00:00:01]} 34. Rxe6 {[%clk
00:03:04]} {[%emt 00:00:03]} Nf4 {[%clk 00:03:49]} {[%emt 00:00:29]} 35. Qf5
{[%clk 00:02:04]} {[%emt 00:01:09]} N6d5 {[%clk 00:03:45]} {[%emt 00:00:14]} 36.
Qc2 {[%clk 00:01:20]} {[%emt 00:00:55]} Nxe6 {[%clk 00:03:51]} {[%emt
00:00:04]} 37. Nce5 {[%clk 00:01:29]} {[%emt 00:00:01]} Ndf4 {[%clk 00:02:57]}
{[%emt 00:01:05]} 38. g3 {[%clk 00:00:56]} {[%emt 00:00:42]} Nxh3+ {[%clk
00:02:49]} {[%emt 00:00:18]} 39. Kg2 {[%clk 00:00:58]} {[%emt 00:00:08]} Nhg5
{[%clk 00:02:41]} {[%emt 00:00:18]} 40. Nxg5 {[%clk 00:00:25]} {[%emt
00:00:43]} Rxf2+ {[%clk 00:02:45]} 41. Qxf2 {[%clk 00:00:34]} {[%emt 00:00:07]}
Bxf2 {[%clk 00:02:54]} {[%emt 00:00:01]} 42. Bxe6+ {[%clk 00:00:43]} {[%emt
00:00:01]} Kf8 {[%clk 00:03:01]} {[%emt 00:00:03]} 43. Nh7+ {[%clk 00:00:52]}
Ke8 {[%clk 00:02:25]} {[%emt 00:00:46]} 44. Bd7+ {[%clk 00:01:01]} {[%emt
00:00:01]} Ke7 {[%clk 00:02:31]} {[%emt 00:00:04]} 45. Nc6+ {[%clk 00:01:10]}
Kxd7 {[%clk 00:02:40]} {[%emt 00:00:01]} 46. Nxb4 {[%clk 00:01:20]} Be1 {[%clk
00:02:49]} {[%emt 00:00:01]} 47. Nxa6 {[%clk 00:01:27]} {[%emt 00:00:03]} Bxa5
{[%clk 00:02:57]} {[%emt 00:00:02]} 48. Nf8+ {[%clk 00:01:13]} {[%emt
00:00:23]} Kc6 {[%clk 00:00:59]} {[%emt 00:02:08]} 49. b4 {[%clk 00:01:21]}
{[%emt 00:00:02]} Bd8 {[%clk 00:00:46]} {[%emt 00:00:23]} 50. g4 {[%clk
00:01:06]} {[%emt 00:00:25]} Kb5 {[%clk 00:00:38]} {[%emt 00:00:19]} 51. Nc5
{[%clk 00:01:14]} {[%emt 00:00:01]} Kxb4 {[%clk 00:00:42]} {[%emt 00:00:06]} 52.
Nce6 {[%clk 00:01:23]} Bf6 {[%clk 00:00:51]} {[%emt 00:00:01]} 53. Kf3 {[%clk
00:01:32]} {[%emt 00:00:02]} Kc3 {[%clk 00:00:38]} {[%emt 00:00:23]} 54. Ke4
{[%clk 00:01:41]} Kd2 {[%clk 00:00:47]} 55. Ng6 {[%clk 00:01:50]} {[%emt
00:00:01]} Ke2 {[%clk 00:00:51]} {[%emt 00:00:06]} 56. Ngf4+ {[%clk 00:01:50]}
{[%emt 00:00:11]} Kf2 {[%clk 00:01:00]} {[%emt 00:00:01]} 57. Nh5 {[%clk
00:01:59]} {[%emt 00:00:01]} Bb2 {[%clk 00:00:34]} {[%emt 00:00:35]} 58. Nexg7
{[%clk 00:02:05]} {[%emt 00:00:04]} Kg2 {[%clk 00:00:43]} {[%emt 00:00:01]} 59.
Kf5 {[%clk 00:02:07]} {[%emt 00:00:08]} Kh3 {[%clk 00:00:51]} {[%emt 00:00:01]}
60. Ne6 {[%clk 00:02:15]} {[%emt 00:00:02]} Kh4 {[%clk 00:00:57]} {[%emt
00:00:05]} 61. Nd8 {[%clk 00:02:23]} {[%emt 00:00:02]} Bc1 {[%clk 00:01:05]}
{[%emt 00:00:02]} 62. Nf7 {[%clk 00:02:32]} {[%emt 00:00:01]} Be3 {[%clk
00:01:09]} {[%emt 00:00:06]} 63. Ne5 {[%clk 00:02:08]} {[%emt 00:00:35]} Bc1
{[%clk 00:01:14]} {[%emt 00:00:04]} 64. Nf4 {[%clk 00:02:08]} {[%emt 00:00:10]}
Bb2 {[%clk 00:01:13]} {[%emt 00:00:11]} 65. Nf7 {[%clk 00:02:12]} {[%emt
00:00:06]} Bg7 {[%clk 00:01:01]} {[%emt 00:00:22]} 66. Ne6 {[%clk 00:02:04]}
{[%emt 00:00:19]} Bc3 {[%clk 00:00:44]} {[%emt 00:00:27]} 67. Nxh6 {[%clk
00:02:12]} {[%emt 00:00:02]} Bd2 {[%clk 00:00:53]} 68. Nf7 {[%clk 00:02:20]}
{[%emt 00:00:02]} Kg3 {[%clk 00:00:59]} {[%emt 00:00:04]} 69. Ne5 {[%emt
00:00:05]} Be3 {[%clk 00:01:06]} 70. Nd3 {[%clk 00:02:36]} {[%emt 00:00:02]}
Bh6 {[%clk 00:01:10]} {[%emt 00:00:06]} 71. Ndf4 {[%clk 00:02:32]} {[%emt
00:00:14]} Kh4 {[%clk 00:01:18]} {[%emt 00:00:02]} 72. Nh5 {[%clk 00:02:37]}
{[%emt 00:00:05]} Bc1 {[%clk 00:01:25]} {[%emt 00:00:03]} 73. Nef4 {[%clk
00:02:42]} {[%emt 00:00:05]} Bd2 {[%clk 00:01:33]} {[%emt 00:00:02]} 74. g5
{[%clk 00:02:46]} {[%emt 00:00:07]} Bc3 {[%clk 00:01:34]} {[%emt 00:00:08]} 75.
g6 {[%clk 00:02:53]} {[%emt 00:00:03]} Bh8 {[%clk 00:01:39]} {[%emt 00:00:05]}
76. Nf6 {[%clk 00:02:56]} {[%emt 00:00:07]} Kg3 {[%clk 00:01:45]} {[%emt
00:00:04]} 77. Ne6 {[%clk 00:03:05]} {[%emt 00:00:01]} Kh4 {[%clk 00:01:52]}
{[%emt 00:00:03]} 78. Nf4 {[%clk 00:02:57]} {[%emt 00:00:18]} Bg7 {[%clk
00:01:52]} {[%emt 00:00:10]} 79. N4d5 {[%clk 00:03:04]} {[%emt 00:00:04]} Bh8
{[%clk 00:01:56]} {[%emt 00:00:05]} 80. Nc7 {[%clk 00:02:43]} {[%emt 00:00:32]}
Bg7 {[%clk 00:01:39]} {[%emt 00:00:27]} 81. Nce8 {[%clk 00:02:52]} {[%emt
00:00:01]} Bh8 {[%clk 00:01:48]} {[%emt 00:00:01]} 82. Kf4 {[%clk 00:02:59]}
{[%emt 00:00:03]} Kh3 {[%clk 00:01:52]} {[%emt 00:00:05]} 83. Kg5 {[%clk
00:03:02]} {[%emt 00:00:08]} Kg3 {[%clk 00:02:00]} {[%emt 00:00:02]} 84. Nh5+
{[%clk 00:02:52]} {[%emt 00:00:19]} Kf3 {[%clk 00:02:06]} {[%emt 00:00:04]} 85.
Nef6 {[%clk 00:02:54]} {[%emt 00:00:08]} Ke3 {[%clk 00:02:09]} {[%emt
00:00:06]} 86. Kh6 {[%clk 00:03:02]} {[%emt 00:00:03]} 1-0

[ePGN "0.1;DGT LiveChess/2.2.6"]